000
002500000a22000970004500
100
1
_a
Bonilla A., Plutarco
245
1
0
_a
Naturaleza misionera del culto cristiano
300
_a
Vol. 4, Núm 8 (1982), Páginas 56-59
773
0
_t
Pastoralia
942
_c
ANA
999
_c
53292
_d
53292